000 00456nam a2200181Ia 4500
001 12677
005 20260306162959.0
008 260306t2022||||xx |||||||||||||| ||spa||
041 _aESP
082 _aHR 658
_bJUL-AGO 2022 HBR
110 _aHarvard Business School Publishing Corporation
245 0 _aHarvard Business Review
260 _c2022
300 _a152 páginas :
_c27 cm.
650 _aGEN
654 _aCAN
942 _cREV
_dJUS
_fJUS
_2ddc
_n
999 _c12677
_d12677